| 000 | 00360 a2200157 4500 | ||
|---|---|---|---|
| 001 | 59988 | ||
| 020 | _a979783589015061 | ||
| 040 | _cAnchieta - Pituba | ||
| 100 | _aBaumgarten, Chistian | ||
| 240 | 1 | 0 |
_aLiebe bis in den tod _lpor |
| 245 | 1 | 0 | _aLiebe bis in den tod |
| 300 | _a56 | ||
| 362 | 0 | _a2009 | |
| 650 | 4 | _aLiteratura juvenil em alemão | |
| 942 | _cBK | ||
| 999 |
_c59988 _d59988 |
||